[Event "Barcelona Tancat Sant Marti 3rd"]
[Site "Barcelona"]
[Date "2011.03.08"]
[Round "1.5"]
[White "Quingles Davi, Guillem"]
[Black "Badia Vives, Oriol"]
[Result "0-1"]
[WhiteElo "1795"]
[BlackElo "1768"]
[PlyCount "52"]
[EventDate "2011.03.08"]
[EventType "tourn"]
[EventRounds "9"]
[EventCountry "ESP"]
[SourceTitle "EXT 2024"]
[Source "ChessBase"]
[SourceDate "2023.10.10"]
[SourceVersion "1"]
[SourceVersionDate "2023.10.10"]
[SourceQuality "1"]

1. e4 d6 2. d4 Nf6 3. Nc3 g6 4. Nf3 Bg7 5. h3 0-0 6. Bc4 Bd7 7. Be3 Nc6 8. d5 Na5 9. Be2 b6 10. Qd2 c6 11. 0-0-0 cxd5 12. exd5 Rc8 13. g4 Rc7 14. Rdg1 Qc8 15. Bd4 e6 16. dxe6 Bxe6 17. Bd3 Nc6 18. Nb5 Rd7 19. Ng5 Bxa2 20. b3 Nxd4 21. Nxd4 Nd5 22. Nb5 Bxb3 23. Ne4 Be5 24. f4 Bxf4 25. Qxf4 Nxf4 26. Nf6+ Kg7 0-1